000 00212nam a22000857a 4500
008 170117b xxu||||| |||| 00| 0 eng d
100 _92457
_aVerma.A.K
245 _aPolitical Science -XI
260 _aNew Delhi
_bVK
_c2012
999 _c5516
_d5516